000 00283nam a22001337a 4500
008 170920b xxu||||| |||| 00| 0 eng d
020 _a9780766817777
041 _aeng
080 _22ND
_a77
100 _a45
101 _aART
245 _aPHOTOGRAPHY
_cWARREN,B
942 _2udc
_cBK
999 _c28556
_d28556